Partidos políticos, movimiento popular y elecciones de 1985 /

Shranjeno v:
Bibliografske podrobnosti
Glavni avtor: Carías, Pablo
Drugi avtorji: Erazo, Carlos
Format: Texto
Izdano: Panamá
Oznake: Označite
Brez oznak, prvi označite!

MARC

LEADER 00000 a a2200000 04500
001 21571
003
040
090 |a 095600  
100 |a Carías, Pablo  
245 |a Partidos políticos, movimiento popular y elecciones de 1985 /  |c Pablo Carías 
260 |a Panamá  
300 |a 12 p.  
700 |a Erazo, Carlos  
999 |c 6353  |d 6353